Central Library OPAC University of Rajshahi

বাঙালীর নাট্যচর্চা / (Record no. 49554)

MARC details
000 -LEADER
fixed length control field 00877nam a2200229 a 4500
001 - CONTROL NUMBER
control field 49554
003 - CONTROL NUMBER IDENTIFIER
rucl marc code BD-RjUL
005 - DATE AND TIME OF LATEST TRANSACTION
control field 20211209054708.0
008 - FIXED-LENGTH DATA ELEMENTS--GENERAL INFORMATION
fixed length control field 160821s1972 ii ||||| |||| 00| d ben d
020 ## - INTERNATIONAL STANDARD BOOK NUMBER
Terms of availability : Tk. 12.50
035 ## - SYSTEM CONTROL NUMBER
System control number (BD-RjUL) 49673
040 ## - CATALOGING SOURCE
Original cataloging agency BD-RjUL
Language of cataloging ben
Transcribing agency BD-RjUL
041 ## - LANGUAGE CODE
Language code of text/sound track or separate title ben
082 ## - DEWEY DECIMAL CLASSIFICATION NUMBER
Edition number 23
Classification number 891.44209
Author mark and year CHB 1972
100 1# - MAIN ENTRY--PERSONAL NAME
Personal name চৌধুরী, অহীন্দ্র
9 (RLIN) 148635
245 10 - TITLE STATEMENT
Title বাঙালীর নাট্যচর্চা /
Statement of responsibility, etc. অহীন্দ্র চৌধুরী
260 ## - PUBLICATION, DISTRIBUTION, ETC. (IMPRINT)
Place of publication, distribution, etc. কলিকাতা :
Name of publisher, distributor, etc. শঙ্কর প্রকাশন,
Date of publication, distribution, etc. ১৯৭২ (১৩৭৯)
300 ## - PHYSICAL DESCRIPTION
Pagination ২২৩ পৃ. ;
Size ২১ সেমি.
650 ## - SUBJECT ADDED ENTRY--TOPICAL TERM
Topical term or geographic name as entry element বাংলা নাটক
General subdivision ইতিহাস ও সমালোচনা
9 (RLIN) 123674
Topical term or geographic name as entry element Bengali Drama
General subdivision History and Criticism
9 (RLIN) 122764
942 ## - ADDED ENTRY ELEMENTS (KOHA)
Source of classification or shelving scheme Dewey Decimal Classification
Koha item type Books
Holdings
Lost status Source of classification or shelving scheme Damaged status Not for loan Collection code Permanent Location Current Location Shelving location Date acquired Source of acquisition Cost, normal purchase price Total Checkouts Full call number Date last seen Copy number Koha item type
  Dewey Decimal Classification     Non-fiction Central Library, University of Rajshahi Central Library, University of Rajshahi   30/05/1973 Uttarbanga LIbrary 10.00   B 891.44209 CHB 1972 21/08/2016 C-2 Books
  Dewey Decimal Classification     Non-fiction Central Library, University of Rajshahi Central Library, University of Rajshahi   05/03/1984 Tulip Enterprise, Dhaka 15.00   B 891.44209 CHB 1972 27/10/2016 C-3 Books
  Dewey Decimal Classification     Non-fiction Central Library, University of Rajshahi Central Library, University of Rajshahi   06/03/1984 Tulip enter dhaka 15.00   B 891.44209 CHB 1972 16/11/2016 C-4 Books
  Dewey Decimal Classification   Not For Loan Non-fiction Central Library, University of Rajshahi Central Library, University of Rajshahi Reading Room 30/03/1973 Tulip enter dhaka 76.00   B 891.44209 CHB 1972 07/03/2017 C-1 Books